The furniture industry China including Hong Kong.
| Corporate Author: | |
|---|---|
| Format: | Book |
| Published: |
Milano:
CSIL,
2004.
|
| Subjects: |
| LEADER | 00444cam a2200157 7i4500 | ||
|---|---|---|---|
| 001 | 0000015461 | ||
| 005 | 20050506090000.0 | ||
| 090 | 0 | 0 | |a P 684.1 |b CEN |
| 110 | 2 | 0 | |a Centre for Industrial Studies (CSIL) |
| 245 | 2 | 0 | |a The furniture industry China including Hong Kong. |
| 260 | 0 | 0 | |a Milano: |b CSIL, |c 2004. |
| 300 | # | # | |a 141 p. |
| 650 | 0 | 0 | |a Furniture industry and trade |
| 651 | 0 | 0 | |a Hong Kong |
| 651 | 0 | 0 | |a China |
| 999 | |a PNG000190B |b Book |c Products |e MATRADE Sabah | ||